<?xml version="1.0" encoding="UTF-8"?>
<record
    xmlns:xsi="http://www.w3.org/2001/XMLSchema-instance"
    xsi:schemaLocation="http://www.loc.gov/MARC21/slim http://www.loc.gov/standards/marcxml/schema/MARC21slim.xsd"
    xmlns="http://www.loc.gov/MARC21/slim">

  <leader>00523nam a22001577a 4500</leader>
  <controlfield tag="003">OSt</controlfield>
  <controlfield tag="005">20151102095643.0</controlfield>
  <controlfield tag="008">151102b        xxu||||| |||| 00| 0 eng d</controlfield>
  <datafield tag="040" ind1=" " ind2=" ">
    <subfield code="c">RUA</subfield>
  </datafield>
  <datafield tag="082" ind1=" " ind2=" ">
    <subfield code="a">FOR &#x179F;&#x17C1;&#x1784; 1993 B118 Or.1</subfield>
  </datafield>
  <datafield tag="100" ind1=" " ind2=" ">
    <subfield code="9">3170</subfield>
    <subfield code="a">&#x179F;&#x17C1;&#x1784; &#x1780;&#x17BB;&#x179F;&#x179B;</subfield>
  </datafield>
  <datafield tag="245" ind1=" " ind2=" ">
    <subfield code="a">&#x1780;&#x17B6;&#x179A;&#x179F;&#x17B7;&#x1780;&#x17D2;&#x179F;&#x17B6;&#x179F;&#x17D2;&#x179A;&#x17B6;&#x179C;&#x1787;&#x17D2;&#x179A;&#x17B6;&#x179C;&#x1787;&#x17C6;&#x179A;&#x17BF;&#x1793;&#x178A;&#x17B8;&#x1796;&#x17D2;&#x179A;&#x17C3;&#x1788;&#x17BE;&#x1780;&#x17D2;&#x1793;&#x17BB;&#x1784;&#x1781;&#x17C1;&#x178F;&#x17D2;&#x178F; &#x1796;&#x17D2;&#x179A;&#x17C3;&#x179C;&#x17C2;&#x1784;</subfield>
  </datafield>
  <datafield tag="260" ind1=" " ind2=" ">
    <subfield code="a">Phnom Penh</subfield>
    <subfield code="b">RUA</subfield>
    <subfield code="c">1993</subfield>
  </datafield>
  <datafield tag="300" ind1=" " ind2=" ">
    <subfield code="a">73p.</subfield>
    <subfield code="b">ill.</subfield>
    <subfield code="c">29cm.</subfield>
  </datafield>
  <datafield tag="942" ind1=" " ind2=" ">
    <subfield code="2">ddc</subfield>
    <subfield code="c">FOR</subfield>
  </datafield>
  <datafield tag="999" ind1=" " ind2=" ">
    <subfield code="c">2958</subfield>
    <subfield code="d">2958</subfield>
  </datafield>
  <datafield tag="952" ind1=" " ind2=" ">
    <subfield code="0">0</subfield>
    <subfield code="1">0</subfield>
    <subfield code="2">ddc</subfield>
    <subfield code="4">0</subfield>
    <subfield code="6">FOR_&#x179F;&#x17C1;&#x1784;_1993_000000000000000_B118_OR_1</subfield>
    <subfield code="7">0</subfield>
    <subfield code="9">14144</subfield>
    <subfield code="a">LBB</subfield>
    <subfield code="b">LBB</subfield>
    <subfield code="c">B118</subfield>
    <subfield code="d">2015-11-02</subfield>
    <subfield code="o">FOR &#x179F;&#x17C1;&#x1784; 1993 B118 Or.1</subfield>
    <subfield code="p">RUA027863</subfield>
    <subfield code="r">2015-11-02</subfield>
    <subfield code="w">2015-11-02</subfield>
    <subfield code="y">FOR</subfield>
  </datafield>
  <datafield tag="952" ind1=" " ind2=" ">
    <subfield code="0">0</subfield>
    <subfield code="1">0</subfield>
    <subfield code="2">ddc</subfield>
    <subfield code="4">0</subfield>
    <subfield code="6">FOR_&#x179F;&#x17C1;&#x1784;_1993_000000000000000_B118_OR_2</subfield>
    <subfield code="7">0</subfield>
    <subfield code="9">14145</subfield>
    <subfield code="a">LBB</subfield>
    <subfield code="b">LBB</subfield>
    <subfield code="c">B118</subfield>
    <subfield code="d">2015-11-02</subfield>
    <subfield code="o">FOR &#x179F;&#x17C1;&#x1784; 1993 B118 Or.2</subfield>
    <subfield code="p">RUA026017</subfield>
    <subfield code="r">2015-11-02</subfield>
    <subfield code="w">2015-11-02</subfield>
    <subfield code="y">FOR</subfield>
  </datafield>
  <datafield tag="952" ind1=" " ind2=" ">
    <subfield code="0">0</subfield>
    <subfield code="1">0</subfield>
    <subfield code="2">ddc</subfield>
    <subfield code="4">0</subfield>
    <subfield code="6">FOR_&#x179F;&#x17C1;&#x1784;_1993_000000000000000_B118_OR_3</subfield>
    <subfield code="7">0</subfield>
    <subfield code="9">14146</subfield>
    <subfield code="a">LBB</subfield>
    <subfield code="b">LBB</subfield>
    <subfield code="c">B118</subfield>
    <subfield code="d">2015-11-02</subfield>
    <subfield code="o">FOR &#x179F;&#x17C1;&#x1784; 1993 B118 Or.3</subfield>
    <subfield code="p">RUA026282</subfield>
    <subfield code="r">2015-11-02</subfield>
    <subfield code="w">2015-11-02</subfield>
    <subfield code="y">FOR</subfield>
  </datafield>
  <datafield tag="952" ind1=" " ind2=" ">
    <subfield code="0">0</subfield>
    <subfield code="1">0</subfield>
    <subfield code="2">ddc</subfield>
    <subfield code="4">0</subfield>
    <subfield code="6">FOR_&#x179F;&#x17C1;&#x1784;_1993_000000000000000_B118_OR_4</subfield>
    <subfield code="7">0</subfield>
    <subfield code="9">14147</subfield>
    <subfield code="a">LBB</subfield>
    <subfield code="b">LBB</subfield>
    <subfield code="c">B118</subfield>
    <subfield code="d">2015-11-02</subfield>
    <subfield code="o">FOR &#x179F;&#x17C1;&#x1784; 1993 B118 Or.4</subfield>
    <subfield code="p">RUA026400</subfield>
    <subfield code="r">2015-11-02</subfield>
    <subfield code="w">2015-11-02</subfield>
    <subfield code="y">FOR</subfield>
  </datafield>
  <datafield tag="952" ind1=" " ind2=" ">
    <subfield code="0">0</subfield>
    <subfield code="1">0</subfield>
    <subfield code="2">ddc</subfield>
    <subfield code="4">0</subfield>
    <subfield code="6">FOR_&#x179F;&#x17C1;&#x1784;_1993_000000000000000_B118_OR_5</subfield>
    <subfield code="7">0</subfield>
    <subfield code="9">36499</subfield>
    <subfield code="a">LBB</subfield>
    <subfield code="b">LBB</subfield>
    <subfield code="d">2016-01-26</subfield>
    <subfield code="o">FOR &#x179F;&#x17C1;&#x1784; 1993 B118 Or.5</subfield>
    <subfield code="p">RUA011853</subfield>
    <subfield code="r">2016-01-26</subfield>
    <subfield code="w">2016-01-26</subfield>
    <subfield code="y">FOR</subfield>
  </datafield>
</record>
